[Event "AUTO-ADV-4439"]
[Site "http://www.queenalice.com/game.php?id=1637316"]
[Date "2020.12.22"]
[Round "1"]
[White "askasl159"]
[Black "Profnabor"]
[Result "0-1"]
[WhiteElo "1757"]
[BlackElo "2055"]

1. e4 e5 2. f4 d5 3. Nf3 dxe4 4. Nxe5 Nh6 5. h3 Qh4+ 6. Ke2 Nf5 7. Qe1 Qxf4 8.
d4 Nxd4+ 9. Kd1 Qxe5 10. Nc3 Bf5 11. Qf2 Nbc6 12. Bf4 Qa5 13. Bc4 O-O-O 14. a3
Nb3+ 15. Ke1 Nxa1 16. g4 Bxa3 17. gxf5 Bxb2 18. Bd2 Rxd2 19. Kxd2 Qxc3+ 0-1

[Event "AUTO-ADV-4439"]
[Site "http://www.queenalice.com/game.php?id=1637317"]
[Date "2020.12.22"]
[Round "1"]
[White "Profnabor"]
[Black "askasl159"]
[Result "1-0"]
[WhiteElo "2051"]
[BlackElo "1761"]

1. e4 e5 2. Nf3 Nc6 3. d4 Nxd4 4. Nxd4 exd4 5. Qxd4 c5 6. Qe5+ Qe7 7. Qxe7+ Bxe7
8. Nc3 b6 9. Nb5 Bd8 10. Bf4 Ne7 11. Nd6+ Kf8 12. Nxc8 Rxc8 13. Ba6 Rc6 14. Bb5
Re6 15. O-O-O d5 16. exd5 Rf6 17. g3 g6 18. Bh6+ Kg8 19. Rhe1 Rf5 20. d6 1-0

[Event "AUTO-ADV-4439"]
[Site "http://www.queenalice.com/game.php?id=1637328"]
[Date "2020.12.22"]
[Round "1"]
[White "Canaye"]
[Black "Profnabor"]
[Result "0-1"]
[WhiteElo "1894"]
[BlackElo "2006"]

1. d4 Nf6 2. c4 e6 3. Nc3 Bb4 4. Qc2 O-O 5. a3 Bxc3+ 6. Qxc3 b6 7. e3 Bb7 8. Ne2
d6 9. b3 Re8 10. Bb2 Nbd7 11. f3 c5 12. Rd1 Rc8 13. Ng3 d5 14. Be2 Qe7 15. O-O
h5 16. dxc5 h4 17. Nh1 dxc4 18. Bxc4 h3 19. g3 Nxc5 20. g4 b5 21. Bxb5 Nce4 22.
Qe1 Rc2 23. Nf2 Ng5 24. Nd3 Rg2+ 25. Kh1 Nxf3 26. Rxf3 Bxf3 27. Ne5 Qb7 28. Nxf3
Qxf3 29. Qf1 Rxh2+ 30. Kxh2 Nxg4+ 31. Kg1 h2# 0-1

[Event "AUTO-ADV-4439"]
[Site "http://www.queenalice.com/game.php?id=1637329"]
[Date "2020.12.22"]
[Round "1"]
[White "Profnabor"]
[Black "Canaye"]
[Result "1-0"]
[WhiteElo "2029"]
[BlackElo "1903"]

1. e4 e6 2. Nf3 d5 3. exd5 Qxd5 4. Nc3 Qd8 5. g3 c5 6. Bg2 Nc6 7. d3 Nf6 8. O-O
Be7 9. Re1 O-O 10. Ne5 Nxe5 11. Rxe5 Nd7 12. Re1 a6 13. a4 Nf6 14. Qe2 Rb8 15.
Bf4 Bd6 16. Be5 b6 17. d4 cxd4 18. Bxd4 Nd7 19. Rad1 Qc7 20. Rd2 Re8 21. Nd5 Qd8
22. Bc3 Nc5 23. Nb4 Bb7 24. Be5 Bxg2 25. Kxg2 Nb7 26. Qg4 f6 27. Bxd6 Nxd6 28.
Red1 f5 29. Qh5 Qc7 30. Rxd6 Qb7+ 31. Kh3 Qe4 32. R6d4 Qe5 33. Nc6 Qf6 34. Nxb8
Rxb8 35. Qe2 Re8 36. Qxa6 e5 37. Qb5 Qg6 38. Rd8 Rxd8 39. Rxd8+ Kf7 40. Qe8+ 1-0

[Event "AUTO-ADV-4439"]
[Site "http://www.queenalice.com/game.php?id=1637336"]
[Date "2020.12.22"]
[Round "1"]
[White "Profnabor"]
[Black "DAlessandro"]
[Result "1-0"]
[WhiteElo "1993"]
[BlackElo "1915"]

1. e4 c5 2. Nf3 Nc6 3. d4 e6 4. d5 exd5 5. exd5 Nd4 6. Nxd4 cxd4 7. Qxd4 d6 8.
Bd3 Nf6 9. O-O Be7 10. Nc3 b6 11. Re1 O-O 12. Qh4 g6 13. Bg5 1-0

[Event "AUTO-ADV-4439"]
[Site "http://www.queenalice.com/game.php?id=1637337"]
[Date "2020.12.22"]
[Round "1"]
[White "DAlessandro"]
[Black "Profnabor"]
[Result "0-1"]
[WhiteElo "1909"]
[BlackElo "2040"]

1. c4 Nf6 2. Nc3 e5 3. e4 d6 4. Nf3 Be7 5. d3 c5 6. Be2 Nc6 7. O-O O-O 8. Be3
Bd7 9. a3 Nd4 10. h3 a5 11. Re1 a4 12. Bxd4 exd4 13. Nd5 Nxd5 14. cxd5 b5 15. b3
axb3 16. Qxb3 Bf6 17. Qd1 Ra4 18. Nh2 Qc7 19. Bg4 Rfa8 20. Bxd7 Qxd7 21. Ng4 Be7
22. Qf3 f6 23. Qf5 Qxf5 24. exf5 Kf7 25. Reb1 Rxa3 26. Rxa3 Rxa3 27. Rxb5 Ra1+
28. Kh2 h5 0-1

[Event "AUTO-MASTER-3031"]
[Site "http://www.queenalice.com/game.php?id=1645412"]
[Date "2021.3.2"]
[Round "1"]
[White "RobertD"]
[Black "Profnabor"]
[Result "0-1"]
[WhiteElo "1922"]
[BlackElo "2056"]

1. e4 e5 2. Nf3 Nc6 3. Bc4 Nf6 4. O-O Nxe4 5. Re1 d5 6. Bb5 Bc5 7. Rxe4 dxe4 8.
Bxc6+ bxc6 9. Ne1 Qh4 10. g3 Qf6 11. Ng2 Qxf2+ 12. Kh1 Bh3 0-1

[Event "AUTO-MASTER-3031"]
[Site "http://www.queenalice.com/game.php?id=1645413"]
[Date "2021.3.2"]
[Round "1"]
[White "Profnabor"]
[Black "RobertD"]
[Result "1-0"]
[WhiteElo "2067"]
[BlackElo "1911"]

1. e4 e5 2. Nf3 d6 3. d4 exd4 4. Nxd4 g6 5. Be3 Bg7 6. Nc3 c6 7. Qd2 Be6 8.
O-O-O a5 9. Nxe6 fxe6 10. Bc4 d5 11. exd5 exd5 12. Rhe1 Kf7 13. Nxd5 1-0

[Event "AUTO-MASTER-3031"]
[Site "http://www.queenalice.com/game.php?id=1645424"]
[Date "2021.3.2"]
[Round "1"]
[White "Anusha"]
[Black "Profnabor"]
[Result "0-1"]
[WhiteElo "2107"]
[BlackElo "2077"]

1. d4 Nf6 2. Nf3 e6 3. Bf4 c5 4. e3 d5 5. c3 Bd6 6. Bg3 O-O 7. Bd3 Bxg3 8. hxg3
Qb6 9. Qc2 h6 10. b3 Bd7 11. Nbd2 Nc6 12. Rb1 Rac8 13. Qd1 cxd4 14. cxd4 Nb4 15.
Qe2 Nxd3+ 16. Qxd3 Bb5 0-1

[Event "AUTO-MASTER-3031"]
[Site "http://www.queenalice.com/game.php?id=1645425"]
[Date "2021.3.2"]
[Round "1"]
[White "Profnabor"]
[Black "Anusha"]
[Result "1-0"]
[WhiteElo "2109"]
[BlackElo "2101"]

1. e4 e6 2. Nf3 d5 3. Nc3 Nf6 4. exd5 exd5 5. d4 Nc6 6. a3 Bg4 7. Be3 a6 8. h3
Bh5 9. g4 Bg6 10. Ne5 Ne7 11. Bg2 c6 12. O-O h5 13. Bf4 hxg4 14. hxg4 Bh7 15.
Re1 Nd7 16. Nxd7 Qxd7 17. Na4 Qd8 18. Nc5 Ra7 19. c4 b6 20. cxd5 cxd5 21. Qb3
bxc5 22. Bxd5 Bg6 23. Bc6+ Rd7 24. dxc5 1-0

[Event "AUTO-MASTER-3031"]
[Site "http://www.queenalice.com/game.php?id=1645430"]
[Date "2021.3.2"]
[Round "1"]
[White "attachui"]
[Black "Profnabor"]
[Result "0-1"]
[WhiteElo "2073"]
[BlackElo "2134"]

1. d4 Nf6 2. c4 e6 3. Nc3 Bb4 4. Nf3 c5 5. Qc2 cxd4 6. Nxd4 O-O 7. Bg5 d6 8. a3
Bxc3+ 9. Qxc3 Bd7 10. e3 e5 11. Nb5 Bxb5 12. cxb5 Nbd7 13. Bc4 Rc8 14. Qb3 Qa5+
15. Ke2 Ne4 16. Be7 Qd2+ 17. Kf3 Qxf2+ 0-1

[Event "AUTO-MASTER-3031"]
[Site "http://www.queenalice.com/game.php?id=1645431"]
[Date "2021.3.2"]
[Round "1"]
[White "Profnabor"]
[Black "attachui"]
[Result "1-0"]
[WhiteElo "2165"]
[BlackElo "2109"]

1. e4 c5 2. Nf3 d6 3. d4 cxd4 4. Nxd4 Nc6 5. Bb5 Bd7 6. Nc3 a6 7. Nxc6 bxc6 8.
Be2 g6 9. h3 Bg7 10. O-O Nf6 11. Be3 O-O 12. Qd2 Qa5 13. Rab1 Rfb8 14. f4 Be6
15. a3 d5 16. f5 Nxe4 17. Nxe4 Qxd2 18. Nxd2 Bxf5 19. Bd3 Bxd3 20. cxd3 Bxb2 21.
Bc5 e5 22. Nf3 f5 23. Bd6 Bd4+ 24. Nxd4 Rxb1 25. Rxb1 exd4 26. Bc5 Rc8 27. Rb7
h6 28. Ra7 Re8 29. Rxa6 Re3 30. Rxc6 Rxd3 31. Rxg6+ Kh7 32. Rd6 Rd1+ 33. Kf2 f4
34. Rxd5 d3 35. Bb4 Kg6 36. a4 Rb1 37. Bd2 Ra1 38. a5 Ra2 39. Rxd3 Kf5 40. Ke2
Ke4 41. Rb3 h5 42. Rf3 1-0

[Event "Challenge"]
[Site "http://www.queenalice.com/game.php?id=1650047"]
[Date "2021.4.18"]
[Round "-"]
[White "Profnabor"]
[Black "jpribeiro"]
[Result "1-0"]
[WhiteElo "2123"]
[BlackElo "1871"]

1. e4 e5 2. Nf3 Nf6 3. Nxe5 d6 4. Nf3 Nxe4 5. d4 d5 6. Bd3 Nf6 7. O-O Be7 8. Bf4
Bg4 9. Re1 O-O 10. h3 Bxf3 11. Qxf3 Re8 12. Nd2 Nbd7 13. Nf1 c5 14. c3 c4 15.
Bf5 Nb6 16. Bc2 Bd6 17. Bg5 Rxe1 18. Rxe1 Nbd7 19. Ne3 h6 20. Bh4 Nb6 21. Nf5
Bc7 22. Ne7+ Kf8 23. Bxf6 gxf6 24. Qxf6 1-0

[Event "Challenge"]
[Site "http://www.queenalice.com/game.php?id=1650189"]
[Date "2021.4.20"]
[Round "-"]
[White "jpribeiro"]
[Black "Profnabor"]
[Result "0-1"]
[WhiteElo "1897"]
[BlackElo "2103"]

1. e4 e5 2. Nf3 Nc6 3. d4 exd4 4. Bc4 Nf6 5. e5 d5 6. Bb5 Ne4 7. Nxd4 Bc5 8.
Nxc6 Bxf2+ 9. Kf1 bxc6 10. Bxc6+ Kf8 11. Qxd5 Ba6+ 0-1

[Event "AUTO-ADV-4439"]
[Site "http://www.queenalice.com/game.php?id=1757906"]
[Date "2021.4.28"]
[Round "2"]
[White "Profnabor"]
[Black "Sigmund"]
[Result "1-0"]
[WhiteElo "2122"]
[BlackElo "1755"]

1. e4 e5 2. Nf3 d6 3. Nc3 Nf6 4. d4 exd4 5. Nxd4 c5 6. Bb5+ Bd7 7. Nf5 Nc6 8.
Bxc6 Bxc6 9. Bg5 Be7 10. Nxg7+ Kf8 11. Bh6 Qd7 12. Nf5+ Ke8 13. Qf3 Qe6 14. Ng7+
1-0

[Event "AUTO-ADV-4439"]
[Site "http://www.queenalice.com/game.php?id=1757907"]
[Date "2021.4.28"]
[Round "2"]
[White "arniecoruja"]
[Black "Profnabor"]
[Result "0-1"]
[WhiteElo "1951"]
[BlackElo "2143"]

1. d4 Nf6 2. e3 e6 3. Bd3 d5 4. Nd2 c5 5. c3 Bd6 6. f4 b6 7. Ngf3 cxd4 8. cxd4
O-O 9. Ne5 Bb7 10. O-O Nc6 11. Rf3 Rc8 12. Rh3 h6 13. Qe1 Nb4 14. Ndf3 Nxd3 15.
Nxd3 Ne4 16. Nf2 Ba6 17. Nxe4 dxe4 18. Ne5 Bxe5 19. fxe5 f6 20. Qg3 fxe5 21.
Rxh6 Rf1# 0-1

[Event "AUTO-ADV-4439"]
[Site "http://www.queenalice.com/game.php?id=1757908"]
[Date "2021.4.28"]
[Round "2"]
[White "Profnabor"]
[Black "arniecoruja"]
[Result "1-0"]
[WhiteElo "2126"]
[BlackElo "1982"]

1. e4 e6 2. Nf3 d5 3. exd5 exd5 4. d4 Bd6 5. c4 c6 6. c5 Bc7 7. Bd3 f5 8. Bg5
Nf6 9. Qe2+ Kf7 10. Ne5+ Bxe5 11. dxe5 Re8 12. f4 Qa5+ 13. Nc3 Qxc5 14. Bxf6
gxf6 15. Qh5+ Ke7 16. O-O-O Qe3+ 17. Kb1 Qxf4 18. exf6+ Kd8 19. Rhe1 Be6 20. f7
Bxf7 21. Qxf7 Rxe1 22. Rxe1 1-0

[Event "Challenge"]
[Site "http://www.queenalice.com/game.php?id=1762190"]
[Date "2021.6.15"]
[Round "-"]
[White "tucuman"]
[Black "Profnabor"]
[Result "0-1"]
[WhiteElo "2211"]
[BlackElo "2151"]

1. c4 e5 2. Nc3 Nf6 3. Nf3 Nc6 4. e3 Bb4 5. d4 d6 6. Be2 Bxc3+ 7. bxc3 O-O 8.
Nd2 Bf5 9. O-O Qe7 10. Ba3 b6 11. Bf3 e4 12. Be2 Nd8 13. d5 Nd7 14. Nb3 Ne5 15.
Nd4 Bd7 16. Nb5 Bf5 17. Nd4 Bg6 18. f3 exf3 19. gxf3 Nd7 20. Bc1 f5 21. Rf2 Nc5
22. Rg2 Nf7 23. f4 Rae8 24. Qe1 Nh6 25. h3 a5 26. Kh2 Kh8 27. Bf3 Nd3 28. Qe2
Ng4+ 29. Bxg4 fxg4 30. Qxg4 Rf6 31. Ne6 Nc5 32. Nxc5 dxc5 33. Bd2 Bd3 34. f5
Bxf5 35. Qh4 Bxh3 36. Qxh3 Rh6 37. Qxh6 gxh6 38. Rf1 Qh4+ 39. Kg1 Rg8 40. Be1
Rxg2+ 41. Kxg2 Qxc4 42. Bg3 Qxa2+ 43. Rf2 Qxd5+ 44. Kf1 a4 45. Bf4 a3 46. Bxh6
Qh1+ 47. Ke2 Qxh6 48. Kd2 a2 0-1

[Event "Challenge"]
[Site "http://www.queenalice.com/game.php?id=1762191"]
[Date "2021.6.15"]
[Round "-"]
[White "Profnabor"]
[Black "tucuman"]
[Result "1-0"]
[WhiteElo "2136"]
[BlackElo "2249"]

1. e4 e5 2. Nf3 Nc6 3. d4 exd4 4. Nxd4 Nf6 5. Nxc6 dxc6 6. Qxd8+ Kxd8 7. Bd3 Bc5
8. Bf4 Bd7 9. Nc3 Re8 10. f3 Be6 11. O-O-O Nd7 12. Kb1 a5 13. h4 h6 14. b3 Bd6
15. Be3 Bc5 16. Bf4 Ba3 17. g4 Kc8 18. Be3 f6 19. g5 Ne5 20. gxf6 gxf6 21. Bxh6
Nxf3 22. h5 Bb4 23. Kb2 a4 24. Nxa4 b5 25. Nc3 Bg4 26. Bg7 Ne5 27. Rdg1 Bc5 28.
Rg3 b4 29. Na4 Bf2 30. Rxg4 Nxg4 31. h6 Bd4+ 32. c3 bxc3+ 33. Kc2 Ne3+ 34. Kb1
Kd7 35. h7 Rxa4 36. bxa4 Rb8+ 37. Bb5 cxb5 38. h8=Q bxa4+ 39. Qxb8 c2+ 40. Kc1
a3 41. Bxf6 Bxf6 42. Rh7+ Ke6 43. Qb3+ Ke5 44. Qxe3 1-0